| 000 | 01237nam a22003617a 4500 | ||
|---|---|---|---|
| 999 |
_c200451166 _d69378 |
||
| 001 | 200451166 | ||
| 003 | TR-AnTOB | ||
| 005 | 20230103135528.0 | ||
| 007 | ta | ||
| 008 | 230103s2021 tu a|||j |||| 00| 0 tur d | ||
| 020 | _a9789754588828 | ||
| 040 |
_aTR-AnTOB _beng _erda _cTR-AnTOB |
||
| 041 | 1 |
_atur _heng |
|
| 092 |
_a611.7 _bLENk 2021 |
||
| 100 | 1 |
_aLennard, Kate. _0author |
|
| 240 | 1 | 0 | _aLittle genius : bones |
| 245 | 1 | 0 |
_aMinik dahi : _bkemikler / _cKate Lennard ; Resimleyen: Eivind Gulliksen ; Çeviren: Nevin Avan Özdemir. |
| 250 | _a8. baskı | ||
| 264 | 1 |
_aİstanbul : _bTürkiye İş Bankası Kültür Yayınları, _c2021. |
|
| 300 |
_a[32] pages : _billustrations ; _c22 cm. |
||
| 336 |
_atext _btxt _2rdacontent |
||
| 337 |
_aunmediated _bn _2rdamedia |
||
| 338 |
_avolume _bnc _2rdacarrier |
||
| 490 | 1 |
_aTürkiye İş Bankası Genel Yayın No ; _v1049. |
|
| 500 | _a"Gerçekleri öğren!" | ||
| 653 |
_aÇocuk edebiyatı _aBilim _aİnsan vücudu _aKemikler |
||
| 700 | 1 |
_aGulliksen, Eivind _4illustrator _9140013 |
|
| 700 | 1 |
_aAvan, Özdemir Nevin _4translator _994766 |
|
| 830 | 1 |
_aTürkiye İş Bankası Genel Yayın No ; _v1049 |
|
| 942 |
_2ddc _cBK |
||